书目信息 |
| 题名: |
超越革命与改良
|
|
| 作者: | 马勇 著 | |
| 分册: | ||
| 出版信息: | 上海 生活·读书·新知三联书店上海分店 2001.5 |
|
| 页数: | 177页 | |
| 开本: | 21cm | |
| 丛书名: | 三联评论 | |
| 单 册: | ||
| 中图分类: | K250.7 | |
| 科图分类: | ||
| 主题词: | 中国--历史--1840~1949 | |
| 电子资源: | ||
| ISBN: | 7-5426-1516-5 | |
| 000 | 00712nam2 2200229 45 | |
| 001 | 0301131485 | |
| 005 | 20050607170723.6 | |
| 010 | @a7-5426-1516-5@dCNY10.00 | |
| 100 | @a20030113d2001 km y0chiy0120 ea | |
| 101 | 0 | @achi |
| 105 | @a z 000yy | |
| 200 | 1 | @a超越革命与改良@AChao Yue Ge Ming Yu Gai Liang@f马勇著@FMa Yong Zhu |
| 210 | @a上海@c生活·读书·新知三联书店上海分店@d2001.5 | |
| 215 | @a177页@d21cm | |
| 225 | @a三联评论@f吴士余,倪为国主编 | |
| 410 | @12001 @a三联评论 | |
| 410 | @1700 0@a倪为国@ANi Wei Guo@4主编@a吴士余@AWu Shi Yu@4主编 | |
| 606 | 0 | @a中国@x历史@x1840~1949 |
| 690 | @aK250.7@v4 | |
| 701 | 0 | @a马勇@4著 |
| 801 | @aCN@bTSTC@c20030113 | |
| 905 | @b319250-251@dK250.7@e126@f2 | |
| 超越革命与改良/马勇著.-上海:生活·读书·新知三联书店上海分店,2001.5 |
| 177页;21cm.-(三联评论/吴士余,倪为国主编) |
| ISBN 7-5426-1516-5:CNY10.00 |
| ● |
| 相关链接 |
|
|
|
|
正题名:超越革命与改良
索取号:K250.7/126
 
预约/预借
| 序号 | 登录号 | 条形码 | 馆藏地/架位号 | 状态 | 备注 |
| 1 | 0319251 | 203192516 | 第二样本阅览室/ [索取号:K250.7/126] | 在馆 |